Countries with a flag on the r/place 2023 - Statistics

General Stats
  • This quiz has been taken 30 times
  • The average score is 62 of 101
Answer Stats
Answer % Correct
germany
91%
canada
86%
united states
86%
france
77%
united kingdom
77%
argentina
73%
belgium
73%
brazil
73%
greece
73%
italy
73%
russia
73%
spain
73%
turkey
73%
ukraine
73%
austria
68%
egypt
68%
iran
68%
morocco
68%
netherlands
68%
poland
68%
south korea
68%
vietnam
68%
algeria
64%
australia
64%
azerbaijan
64%
colombia
64%
czechia
64%
estonia
64%
finland
64%
iceland
64%
india
64%
israel
64%
japan
64%
latvia
64%
lithuania
64%
mexico
64%
new zealand
64%
norway
64%
peru
64%
portugal
64%
slovakia
64%
slovenia
64%
south africa
64%
sweden
64%
switzerland
64%
venezuela
64%
albania
59%
andorra
59%
armenia
59%
bangladesh
59%
belarus
59%
bolivia
59%
croatia
59%
denmark
59%
georgia
59%
honduras
59%
iraq
59%
jamaica
59%
luxembourg
59%
malaysia
59%
monaco
59%
mongolia
59%
nepal
59%
philippines
59%
romania
59%
singapore
59%
tunisia
59%
vatican city
59%
bulgaria
55%
cambodia
55%
chile
55%
costa rica
55%
cuba
55%
dominican republic
55%
ecuador
55%
el salvador
55%
guatemala
55%
hungary
55%
ireland
55%
kazakhstan
55%
nigeria
55%
panama
55%
paraguay
55%
san marino
55%
serbia
55%
taiwan
55%
thailand
55%
uruguay
55%
bosnia and herzegovina
50%
cyprus
50%
liechtenstein
50%
malta
50%
moldova
50%
nicaragua
50%
sri lanka
50%
kenya
45%
lebanon
45%
senegal
45%
trinidad and tobago
45%
maldives
41%
namibia
41%
No matching quizzes found
Score Distribution
Percent of People with Each Score
Percentile by Number Answered
Your Score History
You have not taken this quiz